Bemerkungen zum Jahresgang der Niederschläge im Einzugsgebiet der oberen Tisa

Bibliographic Details
Main Author: Rein, F. (Author)
Format: Article
Language:German

MARC

LEADER 00000nab a2200000uu 4500
001 vtls010900749
003 SK-MaSNL
005 20260303141823.0
008 230222|1972 xo |||||||||||||||||ger|
015 |a SNBRB 
035 |a (urnnbn)urn:nbn:sk:snk:ar-a07lz1 
035 |a (uuid)9d86e17b-2883-4f12-8b68-7923b9305d40 
035 |a urn:nbn:sk:snk-ab8sei 
040 |a SNKBUCL  |b slo  |c SNKBUCL  |e AACR2 
041 0 |a ger 
044 |a xo  |c SK 
100 1 |a Rein, F.  |4 aut  |9 1117830 
245 1 0 |a Bemerkungen zum Jahresgang der Niederschläge im Einzugsgebiet der oberen Tisa  |c F. Rein 
773 0 |t Acta Facultatis rerum naturalium Universitatis Comenianae  |g Roč. 5, č. 5 (1972), s. 25-40 
958 |a OND 
958 |a EUIPO 
958 |a article10 
999 |c 1979023  |d 1980953